000 00328 a2200109 4500
001 ART_42194
005 20260410161806.0
008 260409a
245 1 0 _aSobre qué nos adeuda el derecho concursal
100 1 _aVaiser, Lidia
773 0 _tDoctrina Societaria y Concursal
_g- Nº 298 (set. 2012)
_wREV4298
999 _c21038
_d21038